Chaucer and the common people /

Bibliographic Details
Main Author: Patch, Howard Rollin, 1889-1963
Format: Book
Language:English
Published: [Place of publication not identified] : [publisher not identified], [between 1960 and 1969?]
Subjects:

MARC

Tag First Indicator Second Indicator Subfields
LEADER 00000cam a2200000 a 4500
001 in00000074888
005 20151008054819.0
008 760417q19601969xx b 00010 eng d
035 |a (OCoLC)02117999 
035 |9 AAJ1762AM 
040 |c OSU  |d m.c.  |d TXA  |d UtOrBLW 
049 |a TXAM  |c [1804233] 
090 |a PR1906.5  |b .P3 1960x 
100 1 |a Patch, Howard Rollin,  |d 1889-1963. 
245 1 0 |a Chaucer and the common people /  |c by Howard R. Patch. 
264 1 |a [Place of publication not identified] :  |b [publisher not identified],  |c [between 1960 and 1969?] 
300 |a 9 pages ;  |c 23 cm. 
336 |a text  |b txt  |2 rdacontent 
337 |a unmediated  |b n  |2 rdamedia 
338 |a volume  |b nc  |2 rdacarrier 
500 |a Cover title. 
504 |a Includes bibliographical references. 
600 1 0 |a Chaucer, Geoffrey,  |d -1400. 
999 |a MARS 
999 f f |s 63a4bb9d-961f-3c6f-95bc-dc0234e8239b  |i 6350ab0a-21f8-3e7a-b1a0-17a176dfad96  |t 0 
952 f f |p normal  |a Texas A&M University  |b College Station  |c Sterling C. Evans Library  |d Evans: Library Stacks  |t 0  |e PR1906.5 .P3 1960x  |h Library of Congress classification  |i unmediated -- volume  |m A14806183730 
998 f f |a PR1906.5 .P3 1960x  |t 0  |l Evans: Library Stacks